000 00676 a2200193 4500
020 _a0486434842
020 _a9780486434841
082 _a003.5
090 _c961
_d961
100 1 _aKirk, Donald E.
245 1 0 _aOptimal control theory :
_ban introduction /
_cDonald E. Kirk, Engineering.
260 _a[S.l.] :
_bDover Publications,
_c2004.
300 _a464 p. ;
_c22 cm.
490 1 _aDover books on electrical engineering.
700 1 _aKirk, Donald E.
830 0 _aDover books on electrical engineering.
942 _aSNS
_cBK
_k003.5 KIR
999 _c29580
_d29580